000 00863nam a2200253Ia 4500
003 OSt
005 20220923222952.0
006 a|||||r|||| 00| 0
007 ta
008 220922b |||||||| |||| 00| 0 hin d
024 _a209,288
037 _cTextual
040 _aARTS
_cARTS
_bhin
041 _2hin
_ahin
082 _aO152,3:gN, M0
100 _aशेखाव्त, गोरधन सिंह
245 0 _aनई कहानी
_b उपलब्धि और सीमाएं
246 _aNaī kahānī: upalabdhi aur sīmāean
260 _aजयपुर
_b रामा पब्लि हा0
_c1980
300 _a343पृ.
_ccm.
650 _aहिन्दी साहित्य
_9156264
942 _hO152,3:gN, M0
_cTEXL
_2CC
999 _c359861
_d359861